Dos estudios sobre educación

Збережено в:
Бібліографічні деталі
Автор: Munizaga Aguirre, Roberto (autor)
Формат: Книга
Мова:Іспанська
Опубліковано: Santiago Universitaria 1957
Серія:Marrón, 3
Предмети:
Теги: Додати тег
Немає тегів, Будьте першим, хто поставить тег для цього запису!

MARC

LEADER 00000nam a2200000 a 4500
001 UCU0454
003 CL-VaPUC
008 960322e19570000CL |||||||||||||||||spa|d
082 0 4 |a 370.1  |b MUN  |2 21 
100 |a Munizaga Aguirre, Roberto  |e autor  |9 429824 
245 1 0 |a Dos estudios sobre educación 
300 |a 42 p 
942 |c BK 
945 |d 19960322 00:00:00  |a cmena 
260 |a Santiago  |b Universitaria  |c 1957 
600 0 7 |a FROBEL, G. F  |2 CL-VaPUC  |9 352508 
600 0 7 |a DEWEY, JOHN  |2 CL-VaPUC  |9 328380 
650 0 |a Filosofía de la educación   |9 258384 
650 0 |a Teoría de la educación   |9 309368 
650 0 |a Escuelas filosóficas   |9 266232 
583 |a last modification  |c 19960322 00:00:00  |k Rodrigo Vera 
490 0 |a Marrón, 3 
999 |c 245306  |d 245304 
952 |0 0  |1 0  |4 0  |6 370_100000000000000_MUN_1957  |7 0  |8 P  |9 259773  |a BIBEDU  |b BIBEDU  |c BIBEDU_PB  |d 2019-11-19  |i 1634712  |o 370.1 MUN 1957  |p 1634712  |r 2024-01-25  |w 2019-11-19  |y BK  |k EDU